ბათუმის შოთა რუსთაველის სახელმწიფო უნივერსიტეტის ბიბლიოთეკა

ადამიანის ანატომია-ფიზიოლოგიასთან დაკავშირებული ლექსიკა ძველ ქართულში : (ბიბ.ჩანაწერი № 51071)

000 -ლიდერი
ფიქსირებული სიგრძის საკონტროლო ველი 01728nam a2200277Ia 4500
001 - საკონტროლო ნომერი
საკონტროლო ველი 18028
003 - საკონტროლო ნომრის იდენტიფიკატორი
საკონტროლო ველი GE_BSU
005 - ბოლო ოპერაციის თარიღი და დრო
საკონტროლო ველი 20200516224358.0
008 - ფიქსირებული სიგრძის მონაცემთა ელემენტები - ზოგადი ინფორმაცია
ფიქსირებული სიგრძის საკონტროლო ველი 181216s1974||||ge |||||||||||||| ||geo||
040 ## - კატალოგიზაციის წყარო
Transcribing agency GE_BSU
041 ## - ენის კოდი
Language code of text/sound track or separate title geo
080 ## - უნივერსალური ათობითი კლასიფიკაციის ინდექსი
Universal Decimal Classification number 811.353.1'373+ 611 გ-30
100 ## - მთავარი ჩანაწერი - პიროვნების სახელი
Personal name გელენიძე, ლატავრა
9 (RLIN) 8071
245 ## - ცნობა სათაურის შესახებ
Title ადამიანის ანატომია-ფიზიოლოგიასთან დაკავშირებული ლექსიკა ძველ ქართულში :
Remainder of title სხვა ქართველური ენების მონაცემებთან შედარებით /
Statement of responsibility, etc ლატავრა გელენიძე ; რედ. მ. ჭაბაშვილი.
264 ## - წარმოების, გამოცემის, დისტრიბუციის და სხვა ცნობები
გამოცემის, წარმოების, დისტრიბუციის... ადგილი თბილისი :
გამოცემის, წარმოების, დისტრიბუციის... სახელწოდება მეცნიერება,
გამოცემის, წარმოების, დისტრიბუციის... თარიღი 1974.
300 ## - ფიზიკური აღწერა
Extent 299 გვ. ;
Dimensions 22 სმ.
500 ## - ზოგადი შენიშვნა
General note საძიებელი : გვ.285-297
653 ## - INDEX TERM--UNCONTROLLED
Uncontrolled term ადამიანის ანატომია-ფიზიოლოგიასთან დაკავშირებული ლექსიკა ძველ ქართულში
653 ## - INDEX TERM--UNCONTROLLED
Uncontrolled term ადამიანის ფიზიოლოგია
653 ## - INDEX TERM--UNCONTROLLED
Uncontrolled term ძველი ქართული ენის ლექსიკა
653 ## - INDEX TERM--UNCONTROLLED
Uncontrolled term ქართველური ენების ლექსიკა
700 ## - ADDED ENTRY--PERSONAL NAME
Personal name ჭაბაშვილი, მ.
Relator term რედაქტორი
9 (RLIN) 8021
710 ## - ADDED ENTRY--CORPORATE NAME
Corporate name or jurisdiction name as entry element საქ. სსრ მეცნიერებათა აკადემია
9 (RLIN) 8053
710 ## - ADDED ENTRY--CORPORATE NAME
Corporate name or jurisdiction name as entry element ენთმეცნიერების ინსტიტუტი
9 (RLIN) 8072
942 ## - ADDED ENTRY ELEMENTS (KOHA)
Koha item type წიგნი
Source of classification or shelving scheme
ეგზემპლარები
ჩამოწერის სტატუსი დაკარგული ეგზემპლარის სტატუსი კლასიფიკაციის წყარო ან თაროზე გაწყობის სქემა დაზიანების სტატუსი არ გაიცემა მუდმივი მდებარეობა (დაცვის ადგილი) ამჟამინდელი ადგილსამყოფელი თაროზე განთავსების ადგილი შეძენის თარიღი ღირებულება, შესყიდვის ნორმალური ფასი სრული შენახვის შიფრი შტრიხკოდი ბოლო ოპერაციის თარიღი ეგზემპლარის მიმდევრობითი ნომერი (კეტერი?) ფასის ძალაში შესვლის თარიღი ეგზემპლარის სახეობა საჯარო შენიშვნა
          ბათუმის შოთა რუსთაველის სახელმწიფო უნივერსიტეტის მთავარი ბიბლიოთეკა ბათუმის შოთა რუსთაველის სახელმწიფო უნივერსიტეტის მთავარი ბიბლიოთეკა წიგნსაცავი 2018-12-17 3.00 811.353.1'373+ 611 გ-30 45954 2018-12-17 45954 2018-12-17 წიგნი 3.00 ₾.
          ბათუმის შოთა რუსთაველის სახელმწიფო უნივერსიტეტის მთავარი ბიბლიოთეკა ბათუმის შოთა რუსთაველის სახელმწიფო უნივერსიტეტის მთავარი ბიბლიოთეკა წიგნსაცავი 2018-12-17 3.00 811.353.1'373+ 611 გ-30 45955 2018-12-17 45955 2018-12-17 წიგნი 3.00 ₾.
          ბათუმის შოთა რუსთაველის სახელმწიფო უნივერსიტეტის მთავარი ბიბლიოთეკა ბათუმის შოთა რუსთაველის სახელმწიფო უნივერსიტეტის მთავარი ბიბლიოთეკა წიგნსაცავი 2018-12-17 5.00 811.353.1'373+ 611 გ-30 52469 2018-12-17 52469 2018-12-17 წიგნი 5.00 ლ